Algebra lineal y sus aplicaciones / David C. Lay, H (et. al..) (Registro nro. 12503)
[ vista simple ]
| 000 -LÍDER | |
|---|---|
| fixed length control field | 00603nam a2200181 4500 |
| 008 - ELEMENTOS DE LONGITUD FIJA -- INFORMACIÓN GENERAL | |
| fixed length control field | 0 2001 0a 000 0Mex |
| 020 ## - NÚMERO INTERNACIONAL NORMALIZADO PARA LIBROS | |
| ISBN | 970-26-0080-4 |
| 050 ## - SIGNATURA TOPOGRAFICA DE LA BIBLIOTECA DEL CONGRESO (LC) | |
| Número de Clasificación | QA184 L218 1999 |
| 082 ## - NUMERO DE CLASIFICACION DECIMAL DEWEY | |
| Número de Clasificación | 512.5 L426a |
| 100 ## - ASIENTO PRINCIPAL--NOMBRE PERSONAL | |
| Nombre personal | Lay, David C. |
| 245 ## - TÍTULO | |
| Título | Algebra lineal y sus aplicaciones / David C. Lay, H (et. al..) |
| 250 ## - MENCIÓN DE EDICIÓN | |
| Mención de edición | 2 |
| 260 ## - PUBLICACIÓN, DISTRIBUCIÓN, ETC. (PIE DE IMPRENTA) | |
| Lugar de publicación, distribución, etc. | México : Pearson |
| 300 ## - DESCRIPCIÓN FÍSICA | |
| Extensión | xx, 486 p / 26 cm. |
| 500 ## - NOTA GENERAL | |
| Nota general | Incluye apendice, glosario y cd con ejercicios |
| 650 ## - ASIENTO SECUNDARIO DE MATERIA - TERMINO TEMÁTICO | |
| Término temático o nombre geográfico como elemento de entrada | 1. ALGEBRA LINEAL |
| 700 ## - ASIENTO SECUNDARIO - NOMBRE PERSONAL | |
| Nombre personal | Rincón, Mejia Hugo A. Trad. \ Pela‚z, López Antonio \ Alfaro, Pastor Javier Rev. Tec. |
| No. biblioteca | No. biblioteca | Número de clasificación | Código de barras/Número de adquisición | Número de copia | Tipo de material |
|---|---|---|---|---|---|
| LUIS G. INCLAN | LUIS G. INCLAN | 512.5 L426a | 38445 | 1 | Libros |
| LUIS G. INCLAN | LUIS G. INCLAN | 512.5 L426a | 38446 | 2 | Libros |
| LUIS G. INCLAN | LUIS G. INCLAN | 512.5 L426a | 38447 | 3 | Libros |
| LUIS G. INCLAN | LUIS G. INCLAN | 512.5 L426a | 38448 | 4 | Libros |
| LUIS G. INCLAN | LUIS G. INCLAN | 512.5 L426a | 38449 | 5 | Libros |
| LUIS G. INCLAN | LUIS G. INCLAN | 512.5 L426a | 40978 | 6 | Libros |
| LUIS G. INCLAN | LUIS G. INCLAN | 512.5 L426a | 40979 | 7 | Libros |
| LUIS G. INCLAN | LUIS G. INCLAN | 512.5 L426a | 40980 | 8 | Libros |
| LUIS G. INCLAN | LUIS G. INCLAN | 512.5 L426a | 40981 | 9 | Libros |
| LUIS G. INCLAN | LUIS G. INCLAN | 512.5 L426a | 40982 | 10 | Libros |
| LUIS G. INCLAN | LUIS G. INCLAN | 512.5 L426a | 44211 | 11 | Libros |
| LUIS G. INCLAN | LUIS G. INCLAN | 512.5 L426a | 44212 | 12 | Libros |
| LUIS G. INCLAN | LUIS G. INCLAN | 512.5 L426a | 45602 | 13 | Libros |
